Nanomaterials and plastic deformation : (Record no. 81395)
[ view plain ]
| 000 -LEADER | |
|---|---|
| fixed length control field | 02129nam a22004331i 4500 |
| 001 - CONTROL NUMBER | |
| control field | ebr10814649 |
| 003 - CONTROL NUMBER IDENTIFIER | |
| control field | CaPaEBR |
| 006 - FIXED-LENGTH DATA ELEMENTS--ADDITIONAL MATERIAL CHARACTERISTICS--GENERAL INFORMATION | |
| fixed length control field | m o d |
| 007 - PHYSICAL DESCRIPTION FIXED FIELD--GENERAL INFORMATION | |
| fixed length control field | cr cn||||||||| |
| 008 - FIXED-LENGTH DATA ELEMENTS--GENERAL INFORMATION | |
| fixed length control field | 110714t20112011sz a ob 101 0 eng d |
| 020 ## - INTERNATIONAL STANDARD BOOK NUMBER | |
| International Standard Book Number | 9783038134640 (e-book) |
| Cancelled/invalid ISBN | 9783037850893 |
| 040 ## - CATALOGING SOURCE | |
| Original cataloging agency | CaPaEBR |
| Language of cataloging | eng |
| Description conventions | rda |
| -- | pn |
| Transcribing agency | CaPaEBR |
| 035 ## - SYSTEM CONTROL NUMBER | |
| System control number | (OCoLC)868922186 |
| 050 14 - LIBRARY OF CONGRESS CALL NUMBER | |
| Classification number | TA418.9.N35 |
| Item number | C58 2009eb |
| 111 2# - MAIN ENTRY--MEETING NAME | |
| Meeting name or jurisdiction name as entry element | C-MRS International Conference |
| Date of meeting | (2009 : |
| Location of meeting | Suzhou, China) |
| 245 10 - TITLE STATEMENT | |
| Title | Nanomaterials and plastic deformation : |
| Remainder of title | selected, peer reviewed papers from the Annual Meeting of Chinese Materials Research Society, Session L, 2009, 12-17 September 2009, Suzhou, China / |
| Statement of responsibility, etc | edited by Jing Tao Wang. |
| 246 34 - VARYING FORM OF TITLE | |
| Title proper/short title | Advances in nanomaterials and plastic deformation |
| 264 #1 - PRODUCTION, PUBLICATION, DISTRIBUTION, MANUFACTURE, AND COPYRIGHT NOTICE | |
| Place of production, publication, distribution, manufacture | Durnten-Zurich : |
| Name of producer, publisher, distributor, manufacturer | Trans Tech Pub., |
| Date of production, publication, distribution, manufacture, or copyright notice | [2011] |
| Date of production, publication, distribution, manufacture, or copyright notice | �2011 |
| 300 ## - PHYSICAL DESCRIPTION | |
| Extent | 1 online resource (236 pages) : |
| Other physical details | illustrations. |
| 336 ## - CONTENT TYPE | |
| Content type term | text |
| Source | rdacontent |
| 337 ## - MEDIA TYPE | |
| Media type term | computer |
| Source | rdamedia |
| 338 ## - CARRIER TYPE | |
| Carrier type term | online resource |
| Source | rdacarrier |
| 490 1# - SERIES STATEMENT | |
| Series statement | Materials science forum, |
| International Standard Serial Number | 0255-5476 ; |
| Volume number/sequential designation | volume 682 |
| 504 ## - BIBLIOGRAPHY, ETC. NOTE | |
| Bibliography, etc | Includes bibliographical references and indexes. |
| 588 ## - SOURCE OF DESCRIPTION NOTE | |
| Source of description note | Description based on print version record. |
| 590 ## - LOCAL NOTE (RLIN) | |
| Local note | Electronic reproduction. Palo Alto, Calif. : ebrary, 2014. Available via World Wide Web. Access may be limited to ebrary affiliated libraries. |
| 650 #0 - SUBJECT ADDED ENTRY--TOPICAL TERM | |
| Topical term or geographic name as entry element | Deformations (Mechanics) |
| Form subdivision | Congresses. |
| Topical term or geographic name as entry element | Nanostructured materials |
| General subdivision | Plastic properties |
| Form subdivision | Congresses. |
| Topical term or geographic name as entry element | Nanotechnology |
| Form subdivision | Congresses. |
| 655 #0 - INDEX TERM--GENRE/FORM | |
| Genre/form data or focus term | Electronic books. |
| 700 1# - ADDED ENTRY--PERSONAL NAME | |
| Personal name | Wang, Jing Tao. |
| 710 2# - ADDED ENTRY--CORPORATE NAME | |
| Corporate name or jurisdiction name as entry element | Zhongguo cai liao yan jiu xue hui. |
| 776 08 - ADDITIONAL PHYSICAL FORM ENTRY | |
| Display text | Print version: |
| Main entry heading | C-MRS International Conference (2009 : Suzhou, China). |
| Title | Nanomaterials and plastic deformation. |
| Place, publisher, and date of publication | Durnten-Zurich : Trans Tech Pub., [2011] |
| Physical description | xi, 254 pages : illustrations |
| Series data for related item | Materials science forum ; v. 682. |
| International Standard Book Number | 9783037850893 |
| 797 2# - LOCAL ADDED ENTRY--CORPORATE NAME (RLIN) | |
| Corporate name or jurisdiction name as entry element | ebrary. |
| 830 #0 - SERIES ADDED ENTRY--UNIFORM TITLE | |
| Uniform title | Materials science forum ; |
| Volume number/sequential designation | v. 682. |
| 856 40 - ELECTRONIC LOCATION AND ACCESS | |
| Uniform Resource Identifier | <a href="http://site.ebrary.com/lib/rucke/Doc?id=10814649">http://site.ebrary.com/lib/rucke/Doc?id=10814649</a> |
| Public note | An electronic book accessible through the World Wide Web; click to view |
No items available.
